| 000 | 00989nam a22002417a 4500 | ||
|---|---|---|---|
| 005 | 20240530110857.0 | ||
| 008 | 220123s2003 su k g b 00| 0 ara d | ||
| 017 | _bمصر. دار الكتب | ||
| 020 | _a9960402835 | ||
| 040 |
_aEG-CaGPL _cEG-CaGPL |
||
| 082 | 0 | 4 |
_221 _a306.46/ _bو ص |
| 100 | 1 | _aوالشام، جيف | |
| 245 | 1 | 0 |
_aصنع عالم من التمايز : _bتكنولوجيا المعلومات فى البيئة العالمية / _cجيف والشام ؛ تعريب نور الدين شيخ عبيد |
| 250 | _aط.1 | ||
| 260 |
_aالرياض : _bالعبيكان للنشر، _c2003. |
||
| 300 |
_a399 ص. : _bجداول ؛ _c24 سم. |
||
| 504 | _aيشتمل على ارجاعات ببليوجرافية | ||
| 650 | 0 | 7 |
_2qrmak _aالادارة _xتكنولوجيا المعلومات |
| 650 | 0 | 7 |
_2qrmak _aالعولمة _xتكنولوجيا المعلومات |
| 651 | _2qrmak | ||
| 700 | 0 |
_a نور الدين شيخ عبيد _eمترجم |
|
| 942 |
_2ddc _cBK |
||
| 999 |
_c66066 _d66066 |
||